| 000 | 00395nam a2200157Ia 4500 | ||
|---|---|---|---|
| 008 | 230524s9999 xx 000 0 und d | ||
| 082 |
_a621.384156 _bAGA |
||
| 100 | _aD.C.Agarwal (Revised by A.K.Maini) | ||
| 245 | 0 | _aSatellite Communications | |
| 250 | _a5TH | ||
| 260 |
_aNEW DELHI _bKhanna _c2005 |
||
| 300 | _a575 | ||
| 500 | _aQuantity Number: 2 | ||
| 650 | _aElectronics | ||
| 942 | _cBK | ||
| 999 |
_c22932 _d22932 |
||